<A> Search for an Optimum Currency Area

Analýza otázky menovej politiky a optimálnych menových oblastí v EÚ v kontexte úsilia o zbližovanie smerom k užšie integrovaných hospodárskych a menových zväzov.

Gespeichert in:
Bibliographische Detailangaben
1. Verfasser: Hudec, Martin
Format: Buchkapitel
Sprache:Englisch
Schlagworte:
Tags: Tag hinzufügen
Keine Tags, Fügen Sie das erste Tag hinzu!

MARC

LEADER 00000naa a2200000 4500
001 0246335
005 20240502073944.4
041 0 |a eng 
044 |a SK 
245 1 0 |a <A> Search for an Optimum Currency Area  |c Martin Hudec 
520 |a Analýza otázky menovej politiky a optimálnych menových oblastí v EÚ v kontexte úsilia o zbližovanie smerom k užšie integrovaných hospodárskych a menových zväzov. 
610 2 0 |a politika menová 
610 2 0 |a politika peňažná 
610 2 0 |a integrácia menová 
610 2 0 |a integrácia ekonomická medzinárodná 
610 2 0 |a spolupráca hospodárska medzinárodná 
610 2 0 |a spolupráca regionálna 
100 1 |a Hudec, Martin